Sonora antología de Sol y edades / (Record no. 179087)

MARC details
000 -LEADER
campo de control de longitud fija 01285nam a2200337 4500
001 - NÚMERO DE CONTROL
campo de control 179087
003 - IDENTIFICADOR DE NÚMERO DE CONTROL
campo de control ES-MaACL
005 - FECHA Y HORA DE LA ÚLTIMA TRANSACCIÓN
campo de control 20250618124652.0
008 - DATOS DE LONGITUD FIJA--INFORMACIÓN GENERAL
campo de control de longitud fija 110907s2009 sp |||| |dspa d
020 ## - NÚMERO INTERNACIONAL ESTÁNDAR DEL LIBRO
Número Internacional Estándar del Libro 978-84-8359-195-6
080 ## - NÚMERO DE LA CLASIFICACIÓN DECIMAL UNIVERSAL
Número de la Clasificación Decimal Universal 821.134.2-14"19"
100 1# - ENTRADA PRINCIPAL--NOMBRE DE PERSONA
Nombre de persona Galán, Ilia,
Fechas asociadas al nombre 1966-
9 (RLIN) 234259
245 10 - MENCIÓN DEL TÍTULO
Título Sonora antología de Sol y edades /
Mención de responsabilidad, etc. Ilia Galán ; prólogo de Diego Valverde Villena ; epílogo de Luis Alberto de Cuenca ; música original de Josué Bonnín de Góngora ; voces de Ernesto Gil Sánchez, Ilia Galán.
250 ## - MENCION DE EDICION
Mención de edición 1ª ed.
260 ## - PUBLICACIÓN, DISTRIBUCIÓN, ETC.
Lugar de publicación, distribución, etc. Madrid :
Nombre del editor, distribuidor, etc. Calambur,
Fecha de publicación, distribución, etc. 2009.
300 ## - DESCRIPCIÓN FÍSICA
Extensión 80 p. ;
Dimensiones 23 cm +
Material acompañante/anejo 1 CD.
490 1# - MENCIÓN DE SERIE
Mención de serie Calambur poesía ;
Designación de volumen o secuencia 107
500 ## - NOTA GENERAL
Nota general Libreto.
500 ## - NOTA GENERAL
Nota general Índice.
700 1# - ENTRADA AGREGADA--NOMBRE PERSONAL
Nombre de persona Valverde Villena, Diego.
9 (RLIN) 147847
700 1# - ENTRADA AGREGADA--NOMBRE PERSONAL
Nombre de persona Cuenca, Luis Alberto de,
Fechas asociadas al nombre 1950-
9 (RLIN) 240908
700 1# - ENTRADA AGREGADA--NOMBRE PERSONAL
Nombre de persona Bonnín de Góngora, Josué.
9 (RLIN) 147848
700 1# - ENTRADA AGREGADA--NOMBRE PERSONAL
Nombre de persona Gil Sánchez, Ernesto.
9 (RLIN) 147849
830 0# - PUNTO DE ACCESO ADICIONAL DE SERIE-TÍTULO UNIFORME
Título uniforme Calambur poesía
Designación de volumen o secuencia 107
9 (RLIN) 182221
852 ## - LOCALIZACIÓN
Ubicación ES-MaACL
Número de control de estantería A-11474
itemnumber 185956
Sublocalización o colección R.145765
Ubicación en estantería Depósito 1
Signatura antigua Olim: N-4478
Encuadernación Donación: Ilia Galán
852 ## - LOCALIZACIÓN
Ubicación ES-MaACL
Número de control de estantería ROT 2/6/15
Nota libre (CD)
903 ## - NOMBRE PERSONAL DE DONANTE
a Galán, Ilia,
d 1966-
e Donante
9 234259
942 ## - ELEMENTOS DE ENTRADA SECUNDARIOS (KOHA)
Fuente del sistema de clasificación o colocación Clasificación decimal universal
Tipo de ítem Koha Libro impreso
Holdings
Estatus retirado Estado de pérdida Fuente del sistema de clasificación o colocación Estado de daño No para préstamo Biblioteca de origen Biblioteca actual Ubicación en estantería Fecha de adquisición Fuente de adquisición Número de control de estantería Total de préstamos Signatura topográfica completa Código de barras Visto por última vez Precio de reemplazo Tipo de ítem Koha
    Clasificación decimal universal     Biblioteca del Ateneo de Madrid Biblioteca del Ateneo de Madrid Depósito 1 07/09/2011 Donación 1   A-11474 1188120 23/02/2023 23/02/2023 Libro impreso
          Biblioteca del Ateneo de Madrid Biblioteca del Ateneo de Madrid Depósito 07/09/2011       ROT 2/6/15 1188121 23/02/2023 23/02/2023 Libro impreso